banner-ar

الجيش المصرى فى عهد الدولة الطولونية : (Record no. 62457)

MARC details
000 -الفاتح
حقل البيانات ثابتة الطول 01105nam a22002537a 4500
005 - وقت وتاريخ اخر تعامل مع التسجيلة
رقم الضبط 20240530110551.0
008 - عناصر البيانات ثابتة الطول - معلومات عامة
حقل البيانات ثابتة الطول 151013s2011 ua abo f b 000 0 ara d
017 ## - رقم الايداع القانونى
رقم الايداع القانونى 2010/22469
المصدر ( الهيئة المختصة) مصر . دار الكتب المصرية
020 ## - الرقم الدولى المعيارى للكتب
الرقم الدولى المعيارى للكتاب 9773222782
040 ## - مصدر الفهرسة
وكالة الفهرسة الأصلية EG-CaGPL
082 04 - رقم تصنيف ديوى العشرى
رقم الطبعة 21
رقم التصنيف 355.009530736
رقم المادة ق/م ج
100 0# - المدخل الرئيسى - إسم شخصى
الإسم الشخصى محمود احمد محمد قمر
245 10 - بيان العنوان
العنوان الجيش المصرى فى عهد الدولة الطولونية :
بقية العنوان ( 254 - 292 هـ / 868 - 905 م ) /
بيان المسئوليه,etc محمود احمد محمد قمر
250 ## - بيان الطبعة
بيان الطبعة ط1
260 ## - PUBLICATION, DISTRIBUTION, ETC. (IMPRINT)
تاريخ النشر أو التوزيع 2011 .
300 ## - الوصف المادى
التعداد 359 ص :
تفاصيل ماديه اخرى للوعاء خرائط ، صور ؛
أبعاد الوعاء 24 سم .
504 ## - تبصرة ببليوجرافية
تبصرة ببليوجرافية,الخ يشتمل على ارجاعات ببليوجرافية
650 04 - المدخل الاضافى بالموضوع-مصطلح موضوعى
مصطلح موضوعي الدولة الطولونية
650 04 - المدخل الاضافى بالموضوع-مصطلح موضوعى
مصطلح موضوعي الطولونيون
651 04 - المدخل الاضافى بالموضوع - اسم جغرافى
الاسم الجغرافي مصر
التقسيم الفرعي العام تاريخ
التقسيم الفرعي الزمني العصر الطولونى ( 868 - 905 م )
651 04 - المدخل الاضافى بالموضوع - اسم جغرافى
مصدر الرأس أو المصطلح مصر
التقسيم الفرعي العام الجيش
التقسيم الفرعي الزمني العصر الطولونى
942 ## - عناصر المدخل الإضافي( كوها)
مصدر التصنيف او مخطط الترفيف Dewey Decimal Classification
Koha [default] item type كتاب
260 ## - PUBLICATION, DISTRIBUTION, ETC. (IMPRINT)
-- القاهرة :
-- عين للدراسات و البحوث الانسانية و الاجتماعية ،
Holdings
حالة التراجع حالة الفقد حالة تلف ليس للاعارة المكان المؤقت الموقع الحالى تاريخ الاكتساب اجمالي اﻻعارات رقم الطلب الباركود تاريخ اخر مشاهدة تاريخ تفعيل السعر نوع وعاء كوها
        مكتبة القاهرة الكبرى مكتبة القاهرة الكبرى 07/19/2016   355.009530736 ق/م ج 162196 07/19/2016 07/19/2016 كتاب

Powered By

EGPV